|
|
|
|
| LEADER |
01353nam a22003614a 4500 |
| 001 |
EBC3000568 |
| 003 |
MiAaPQ |
| 005 |
20200520144314.0 |
| 006 |
m o d | |
| 007 |
cr cn||||||||| |
| 008 |
991027s2000 ctu sb 001 0 eng |
| 010 |
|
|
|z 99056359
|
| 020 |
|
|
|z 9781567507317
|
| 020 |
|
|
|z 1567203396 (alk. paper)
|
| 035 |
|
|
|a (MiAaPQ)EBC3000568
|
| 035 |
|
|
|a (Au-PeEL)EBL3000568
|
| 035 |
|
|
|a (CaPaEBR)ebr10017896
|
| 035 |
|
|
|a (OCoLC)929144756
|
| 040 |
|
|
|a MiAaPQ
|c MiAaPQ
|d MiAaPQ
|
| 050 |
|
4 |
|a HF1416
|b .C367 2000
|
| 082 |
0 |
4 |
|a 658.8/48
|2 21
|
| 100 |
1 |
|
|a Caslione, John A.
|
| 245 |
1 |
0 |
|a Growing your business in emerging markets
|h [electronic resource] :
|b promise and perils /
|c John A. Caslione and Andrew R. Thomas ; foreword by Joseph Tan.
|
| 260 |
|
|
|a Westport, CT :
|b Quorum,
|c 2000.
|
| 300 |
|
|
|a xvi, 253 p.
|
| 504 |
|
|
|a Includes bibliographical references (p. [249]) and index.
|
| 533 |
|
|
|a Electronic reproduction. Ann Arbor, MI : ProQuest, 2015. Available via World Wide Web. Access may be limited to ProQuest affiliated libraries.
|
| 650 |
|
0 |
|a Export marketing.
|
| 650 |
|
0 |
|a Marketing
|z Developing countries.
|
| 655 |
|
4 |
|a Electronic books.
|
| 700 |
1 |
|
|a Thomas, Andrew R.
|
| 710 |
2 |
|
|a ProQuest (Firm)
|
| 856 |
4 |
0 |
|u https://ebookcentral.proquest.com/lib/matrademy/detail.action?docID=3000568
|z Click to View
|